Solid-liquid separation: scale-up of industrial equipment

Сохранить в:
Библиографические подробности
Главные авторы: Wakeman, Richard J (Автор), Tarleton, E. S (Автор)
Формат:
Язык:английский
Опубликовано: Amsterdam Elsevier 2005
Предметы:
Метки: Добавить метку
Нет меток, Требуется 1-ая метка записи!

MARC

LEADER 00000nam a2200000 a 4500
001 UCI1182
003 CL-VaPUC
008 070622e20050000NE |||||||||||||||||eng|d
020 |a 1856174204 
082 0 4 |a 660.2842  |b WAK  |2 21 
100 0 |a Wakeman, Richard J  |e author  |9 521515 
700 0 |a Tarleton, E. S  |e author  |9 521516 
245 1 0 |a Solid-liquid separation: scale-up of industrial equipment 
300 |a 454 p 
942 |c BK 
945 |d 20070622 00:00:00  |a jtorresc 
260 |a Amsterdam  |b Elsevier  |c 2005 
650 0 |a Filtración  |9 323900 
650 7 |a SEPARACION QUIMICA  |2 CL-VaPUC  |9 342424 
583 |a last modification  |c 20160921 09:44:47  |k Rodrigo Vera 
999 |c 326023  |d 326021 
952 |0 0  |1 0  |4 0  |6 660_284200000000000_WAK_2005  |7 0  |8 A  |9 407636  |a BIBING  |b BIBING  |d 2019-11-22  |i 4348737  |l 1  |o 660.2842 WAK 2005  |p 4348737  |r 2025-01-20  |s 2022-07-05  |w 2019-11-22  |y BK  |k EIQ